ALL THE LOVE - Kanye West Lyrics - Statistics

General Stats
  • This quiz has been taken 34 times
  • The average score is 316 of 374
Answer Stats
Answer % Correct
all
96%
love
96%
the
96%
And
92%
and
92%
behind
88%
left
88%
Left
88%
pain
88%
We
88%
we
88%
time
83%
time,
83%
you
83%
You
83%
always
79%
don′t
79%
don't
79%
Don′t
79%
got
79%
have
79%
now,
79%
to
79%
To
79%
worry
79%
hold
75%
on
75%
shine
71%
with
67%
get
63%
healed
63%
wanted
63%
Wounds
63%
yeah,
58%
yeah
58%
what
46%
deserve)
42%
(it′s
38%
tonight
33%
Tonight
33%
Said
4%
No matching quizzes found
Score Distribution
Percent of People with Each Score
Percentile by Number Answered
Your Score History
You have not taken this quiz